Statystyki dla Zdobywcy ''Wielkiego Szlema'' skoków narciarskich

Kliknij tutaj aby rozwiązać quiz!

Ogólne statystyki

  • Ten quiz został rozwiązany 220 razy
  • Średni wynik to 4 z 8

Statystyki odpowiedzi

HintOdpowiedź% Poprawnych
1Kamil Stoch
98%
2Adam Małysz
73%
7Gregor Schlierenzauer
54%
6Thomas Morgenstern
51%
8Simon Amman
48%
3Matti Nykanen
46%
5Espen Bredesen
14%
4Jens Weiwslog
0%

Rozkład punktacji

Percentyl według liczby udzielonych odpowiedzi

Procent ludzi z każdym wynikiem

Twoja historia wyników

Nie rozwiązałeś tego quizu